| 000 | 00356 a2200121 4500 | ||
|---|---|---|---|
| 001 | ART_12884 | ||
| 005 | 20260410161734.0 | ||
| 008 | 260409a | ||
| 245 | 1 | 0 | _a¿Quién se acuerda del crecimiento? |
| 100 | 1 | _aExpósito, David | |
| 700 | 1 | _aSzewach, Enrique | |
| 773 | 0 |
_tEjecutivos de finanzas _g- Año 6, Nº 51 (nov. 1988) _wREV2863 |
|
| 999 |
_c18107 _d18107 |
||